Некоторые гидрогеохимические особенности состава вод района курорта оз. Шира; Вопросы курортологии и физиотерапии

Bibliografski detalji
Parent link:Вопросы курортологии и физиотерапии.— 1961
Glavni autor: Рогов Г. М.
Daljnji autori: Рождественская Л. А.
Jezik:ruski
Izdano: 1961
Teme:
Format: MixedMaterials Poglavlje knjige
KOHA link:https://koha.lib.tpu.ru/cgi-bin/koha/opac-detail.pl?biblionumber=591840

MARC

LEADER 00000naa0a2200000 4500
001 591840
005 20250827114853.0
035 |a (RuTPU)RU\TPU\tpu\2704 
035 |a TPU00002704 
090 |a 591840 
100 |a 20011210d1961 k||y0rusy50 ca 
101 0 |a rus 
102 |a RU 
200 1 |a Некоторые гидрогеохимические особенности состава вод района курорта оз. Шира  |f Г. М. Рогов, Л. А. Рождественская 
463 1 |t Вопросы курортологии и физиотерапии  |d 1961 
610 1 |a геолого-географические науки 
610 1 |a труды учёных ТПУ 
700 1 |a Рогов  |b Г. М. 
701 1 |a Рождественская  |b Л. А. 
801 0 |a RU  |b 63413507  |c 20011210  |g PSBO 
801 2 |a RU  |b 63413507  |c 20060908  |g PSBO 
942 |c BK